| 000 | 00773nam a22002417a 4500 | ||
|---|---|---|---|
| 005 | 20240305165404.0 | ||
| 007 | cr|||| |||| | ||
| 008 | 130222e2004 sp |||||s|||| 00||0 spa d | ||
| 020 | _a9788484541271 | ||
| 035 | _a7050 | ||
| 040 | _avLex | ||
| 090 |
_c3726 _d3726 |
||
| 100 | 1 | 0 | _aLeón Valle, Francisco Javier |
| 245 | 1 | 3 |
_aLa Contaminación Acústica en las calles Españolas _h[Recurso electrónico] |
| 256 | _aServicio en línea | ||
| 260 |
_aAlicante : _bEditorial Club Universitario, _c2004 |
||
| 300 | _a1 Recurso electrónico | ||
| 650 | 0 | 4 | _aDerecho del medio ambiente |
| 650 | 0 | 4 | _aContaminación acústica |
| 740 | _avLex Libros (Servicio en línea) | ||
| 856 |
_aAcceso restringido _uhttp://www.vlex.com/source/7050 |
||
| 942 | _cRAA | ||
| 999 |
_c162108 _d162108 |
||